|
|
|
|
| LEADER |
00000nam a2200000 a 4500 |
| 001 |
UCV2119 |
| 003 |
CL-VaPUC |
| 008 |
911031e19840000CL |||||||||||||||||spa|d |
| 082 |
0 |
4 |
|a 230
|b SAG
|2 21
|
| 110 |
2 |
|
|a Sagrada Congregación para la Doctrina de la Fe
|e author
|9 296360
|
| 245 |
1 |
0 |
|a Instrucción sobre algunos aspectos de la Teología de la Liberación
|
| 300 |
|
|
|a 35 p
|
| 942 |
|
|
|c BK
|
| 945 |
|
|
|d 19911031 00:00:00
|a aalvarez
|
| 260 |
|
|
|a Santiago
|b Paulinas
|c 1984
|
| 650 |
|
0 |
|a Teología de la liberación
|9 255471
|
| 583 |
|
|
|a last modification
|c 19911031 00:00:00
|k Rodrigo Vera
|
| 999 |
|
|
|c 209803
|d 209801
|
| 952 |
|
|
|0 0
|1 0
|2 ddc
|4 0
|6 230_000000000000000_SAG_1984
|7 0
|8 A
|9 185566
|a BIBDER
|b BIBDER
|d 2019-11-14
|i 2530376
|o 230 SAG 1984
|p 2530376
|r 2023-01-25
|w 2019-11-14
|y MX
|k DER
|
| 952 |
|
|
|0 0
|1 0
|4 0
|6 230_000000000000000_SAG_1984
|7 0
|8 A
|9 185567
|a BIBTEO
|b BIBTEO
|d 2019-11-14
|i 2530384
|o 230 SAG 1984
|p 2530384
|r 2025-01-17
|w 2019-11-14
|y BK
|k ICR
|
| 952 |
|
|
|0 0
|1 0
|4 0
|6 230_000000000000000_SAG_1984
|7 0
|8 A
|9 185568
|a BIBTEO
|b BIBTEO
|d 2019-11-14
|i 3023826
|o 230 SAG 1984
|p 3023826
|r 2025-01-17
|w 2019-11-14
|y BK
|k ICR
|
| 952 |
|
|
|0 0
|1 0
|4 0
|6 230_000000000000000_SAG_1984
|7 0
|8 A
|9 185569
|a BIBTEO
|b BIBTEO
|d 2019-11-14
|i 3023818
|o 230 SAG 1984
|p 3023818
|r 2025-01-17
|w 2019-11-14
|y BK
|k ICR
|
| 952 |
|
|
|0 0
|1 0
|4 0
|6 230_000000000000000_SAG_1984
|7 0
|8 A
|9 185571
|a BIBHIS
|b BIBHIS
|d 2019-11-14
|i 1208276
|o 230 SAG 1984
|p 1208276
|r 2025-01-20
|w 2019-11-14
|y BK
|k HIS
|
| 952 |
|
|
|0 0
|1 0
|4 0
|6 230_000000000000000_SAG_1984
|7 0
|8 A
|9 185572
|a BIBTEO
|b BIBTEO
|d 2019-11-14
|i 2096420
|o 230 SAG 1984
|p 2096420
|r 2025-01-17
|w 2019-11-14
|y BK
|k ICR
|
| 952 |
|
|
|0 0
|1 0
|4 0
|6 230_000000000000000_SAG_1984
|7 0
|8 A
|9 185573
|a BIBTEO
|b BIBTEO
|d 2019-11-14
|i 2096587
|o 230 SAG 1984
|p 2096587
|r 2025-01-17
|w 2019-11-14
|y BK
|k ICR
|
| 952 |
|
|
|0 0
|1 0
|4 0
|6 230_000000000000000_SAG_1984
|7 0
|8 A
|9 185574
|a BIBTEO
|b BIBTEO
|d 2019-11-14
|i 2096595
|o 230 SAG 1984
|p 2096595
|r 2025-01-17
|w 2019-11-14
|y BK
|k ICR
|
| 952 |
|
|
|0 0
|1 0
|4 0
|6 230_000000000000000_SAG_1984
|7 0
|8 A
|9 185575
|a BIBTEO
|b BIBTEO
|d 2019-11-14
|i 2096609
|o 230 SAG 1984
|p 2096609
|r 2025-01-17
|w 2019-11-14
|y BK
|k ICR
|
| 952 |
|
|
|0 0
|1 0
|4 0
|6 230_000000000000000_SAG_1984
|7 0
|8 A
|9 185576
|a BIBTEO
|b BIBTEO
|d 2019-11-14
|i 2096617
|o 230 SAG 1984
|p 2096617
|r 2025-01-17
|w 2019-11-14
|y BK
|k ICR
|
| 952 |
|
|
|0 0
|1 0
|4 0
|6 230_000000000000000_SAG_1984
|7 0
|8 A
|9 185577
|a BIBTEO
|b BIBTEO
|d 2019-11-14
|i 2096625
|o 230 SAG 1984
|p 2096625
|r 2025-01-17
|w 2019-11-14
|y BK
|k ICR
|
| 952 |
|
|
|0 0
|1 0
|4 0
|6 230_000000000000000_SAG_1984
|7 0
|8 A
|9 185578
|a BIBTEO
|b BIBTEO
|d 2019-11-14
|i 3419320
|o 230 SAG 1984
|p 3419320
|r 2025-01-17
|w 2019-11-14
|y BK
|k ICR
|
| 952 |
|
|
|0 0
|1 0
|4 0
|6 230_000000000000000_SAG_1984
|7 0
|8 A
|9 185579
|a BIBTEO
|b BIBTEO
|d 2019-11-14
|i 4246241
|o 230 SAG 1984
|p 4246241
|r 2025-01-17
|w 2019-11-14
|y BK
|k ICR
|